000 00498nam a22001817a 4500
005 20251108165925.0
008 250721s1999 xx 000 0 ara d
082 1 4 _a005.133/نقر
100 1 _aالنقري، مهيب
245 1 0 _aتعلم كل شيء عن java /
264 1 _aدمشق :
_bدار الرضا،
_c1999.
300 _a415ص
650 1 7 _aلغات البرمجة
650 1 7 _aالحواسيب
650 1 7 _aشكبات الحواسيب
942 _2ddc
_cBK
999 _c34965
_d34965